KOHA-Header-6

Essentials Of Management Information Systems (Record no. 9084)

000 -LEADER
fixed length control field 00285nam a2200109Ia 4500
100 ## - MAIN ENTRY--AUTHOR NAME
Personal name Laudon , Laudon
245 #0 - TITLE STATEMENT
Title Essentials Of Management Information Systems
260 ## - PUBLICATION, DISTRIBUTION, ETC. (IMPRINT)
Place of publication New Delhi
Name of publisher Bantam Books
Year of publication 2004
300 ## - PHYSICAL DESCRIPTION
Number of Pages 447
942 ## - ADDED ENTRY ELEMENTS (KOHA)
Koha item type Books
Holdings
Withdrawn status Lost status Collection code Permanent Location Current Location Shelving location Date acquired Full call number Accession Number Koha item type
    Management MAJU MAJU   2019-09-14 658.848 4414 Management

Powered by Koha